00529 2200181 4500001002100000005001500021035002000036245009400056100003000150250000600180300003300186260004600219082000800265084001400273020001800287600003000305990001200335INLIS00000000000336220260211122245 a0010-02260000281 aPEMUDA DAN KELAUTAN :bMasyarakat Pesisir Menatap Masa Depan /cDr. Adhyaksa Dault, M. Si0 aDr. Adhyaksa Dault, M. Si aV a56 hlm :bilus ;c21 x 30 cm aYogyakarta :bPT. Citra Aji Parama,c2018 a903 a903 DR. p a602-8227-39-1 4aDr. Adhyaksa Dault, M. Si a0750969